00397nam a2200133Ia 4500008004100000024000700041082002300048100005800071245002600129260002600155600003200181650003300213999001700246260210s9999 xx 000 0 und d aNA a621.3815483072 HAN aJahanzaib Hanif, Maimoona Roomi & Mansoor Shahzad 0aPC Based Oscilloscope aKarachi:bUITU,c2000 aComputer System Engineering aBachelor of Engineering (BE) c32645d32645